000 00860nam a22001817a 4500
003 OSt
005 20260318020451.0
008 260318b |||||||| |||| 00| 0 eng d
040 _aDWCL GS Library
_cOC
082 _aFic. T969a 2005
100 _aTwain, Mark
245 _agraded readers
_b: adventures of huckleberry finn
_cMark twain
260 _bNew dawn press
_cc2005
300 _a232
_c20cm
520 _aThe Adventures of Huckleberry Finn follows Huck, a boy fleeing his abusive father, and Jim, a man escaping slavery, as they travel down the Mississippi River on a raft. They encounter various, often dangerous, adventures, highlighting themes of freedom, friendship, and moral growth, while Huck battles his society's pro-slavery views.
700 _aMark twain
942 _2ddc
_cFIC.
_hFic. T969a 2005
_n0
999 _c9259
_d9259